La Sexta extinción: apuntes para una agenda biopolítica para el siglo XXI /
Se refiere a la amplia explotación que ha llevado a cabo el ser humano de su medio ambiente, en todos y cada uno de los regímenes políticos desarrollados, en todas las civilizaciones y a través de la historia de la humanidad. Apunta hacia una política en defensa del medio ambiente y según los lineam...
Сохранить в:
| Главный автор: | |
|---|---|
| Формат: | Текст |
| Предметы: | |
| Метки: |
Добавить метку
Нет меток, Требуется 1-ая метка записи!
|
MARC
| LEADER | 00000 a a2200000 04500 | ||
|---|---|---|---|
| 001 | 18419 | ||
| 003 | |||
| 040 | |||
| 100 | |a Noriega, Rodrigo | ||
| 245 | |a La Sexta extinción: |b apuntes para una agenda biopolítica para el siglo XXI / |c Rodrigo Noriega | ||
| 520 | |a Se refiere a la amplia explotación que ha llevado a cabo el ser humano de su medio ambiente, en todos y cada uno de los regímenes políticos desarrollados, en todas las civilizaciones y a través de la historia de la humanidad. Apunta hacia una política en defensa del medio ambiente y según los lineamientos del desarrollo sostenible. LCL | ||
| 650 | |a MEDIO AMBIENTE | ||
| 650 | |a ASPECTOS AMBIENTALES | ||
| 650 | |a GESTION AMBIENTAL | ||
| 650 | |a POLITICA AMBIENTAL | ||
| 773 | |g número 103; páginas 99-111 | ||
| 999 | |c 28571 |d 28571 | ||
